| 000 | 01270nam a2200253Ia 4500 | ||
|---|---|---|---|
| 999 |
_c49363 _d49363 |
||
| 001 | 16280 | ||
| 003 | GE_BSU | ||
| 005 | 20230125141133.0 | ||
| 008 | 181216s2003ge xx |||||||||||||| ||geo|| | ||
| 020 | _a 99928-32-89-4 | ||
| 040 | _cGE_BSU | ||
| 041 | _ageo | ||
| 080 | _a343.346 ფ-32 | ||
| 100 |
_aფაფიაშვილი, შოთა _93829 |
||
| 245 |
_aსამოხელეო და სატრანსპორტო დანაშაულთა გახსნის მეთოდიკა / _c შოთა ფაფიაშვილი, რედ. ვაჟა ჯანყარაშვილი |
||
| 264 |
_aთბილისი : _bმერიდიანი, _c2003. |
||
| 300 |
_a307 გვ. : _b სურ. ; _c20 სმ. |
||
| 504 | _a ბიბლიოგრ. ტექსტ. შენიშვნ. | ||
| 546 | _aრეზ. რუს. და გერმ. ენ. | ||
| 653 | _aსამართალი | ||
| 653 | _aსატრანსპორტო დანაშაული; თანამდებობრივი დანაშაული; მექრთამეობა; | ||
| 700 |
_aჯანყარაშვილი, ვაჟა _eრედაქტორი _916783 |
||
| 942 |
_cBK _2udc |
||